Mort Subite Artiste Die Brücke - Statistiques

Statistiques générales
  • Ce quiz a été pris 37 fois
  • Le résultat moyen est 3 sur 11
Answers on the Grid
Answers color-coded by a green-red scale on the quiz's grid according to % correct below.
Caspar David Friedrich
Erich Heckel
Eduard Daege
Franz Ignaz Oefele
Franz Nölken
Franz Marc
Kees van Dongen
Daniel Caffé
Otto Dix
Max Pechstein
Hermann Anschütz
Max Ernst
Karl von Piloty
Cuno Amiet
Franz Quaglio
George Grosz
Otto Mueller
Max Beckmann
Emil Nolde
Max Liebermann
Paul Klee
Lovis Corinth
Albrecht Dürer
Karl Schmidt-Rottluff
Ernst Ludwig Kirchner
Otto Ubbelohde
Bohumil Kubišta
Amalia Beer
Fritz Bleyl
Peter von Cornelius
 
Statistiques - réponses
Réponse % Correct
Otto Mueller
75%
Emil Nolde
50%
Bohumil Kubišta
25%
Cuno Amiet
25%
Erich Heckel
25%
Franz Nölken
25%
Fritz Bleyl
25%
Kees van Dongen
25%
Ernst Ludwig Kirchner
0%
Karl Schmidt-Rottluff
0%
Max Pechstein
0%
Aucun quiz correspondant
Distribution des résultats
% des personnes avec chaque résultat
Percentile par nombre de réponses
Votre historique - résultats
Vous n’avez pas pris ce quiz